มุมมองปกติ
มุมมองแบบ MARC
- พระร่วง
รายการ Personal Name
001 - CONTROL NUMBER
- control field: 54003
003 - CONTROL NUMBER IDENTIFIER
- control field: NALT
005 - DATE AND TIME OF LATEST TRANSACTION
- control field: 20210720113930.0
008 - FIXED-LENGTH DATA ELEMENTS
- fixed length control field: 210720|| aca||aabn | a|a d
040 ## - CATALOGING SOURCE
- Original cataloging agency: NALT
100 04 - HEADING--PERSONAL NAME
- Personal name: พระร่วง
